000 00693nam a2200229Ia 4500
005 20241129111158.0
008 241129s9999||||xx |||||||||||||| ||und||
020 _a978-0-7453-3859-0
037 _aTB
040 _aCRL
_beng
_cCRL
041 _aeng
_2eng
084 _aY7:1.6 Q9
_qCRL
100 _aNdlovu Morgan Au.
_9723540
245 0 _aPerforming indigeneity:m spectacles of culture and identity in coloniality
_cNdlovu Morgan Au.
260 _aLondon, UK
_bPluto Press
_c2019
300 _ax,195p.
365 _aUKP
_b50
490 _aDecolonial studies, postcolonial horizons
650 _aSociologyRace
_9726218
942 _cTB
_hY7:1.6 Q9
999 _c1229275
_d1229275